000 00528pam a2200157a 44500
008 230515b2019 xxu||||| |||| 00| 0 eng d
020 _a9788194148906
041 _aENGLISH
082 _a000
100 _aMINISTRY OF AYUSH
245 _aGLIMPSES OF CCRAS CONTRIBUTION (50 GLORIOUS YEARS) MEDICO HISTORICAL STUDIES AND LITERARY RESEARCH
250 _aI
260 _aNEW DELHI
_bNULL
_c2019
300 _a156
650 _aGLIMPSES OF CCRAS CONTRIBUTION (50 GLORIOUS YEARS) MEDICO HISTORICAL STUDIES AND LITERARY RESEARCH
999 _c502273
_d502273